| 000 | 01359nam a2200313Ia 4500 | ||
|---|---|---|---|
| 001 | ebr10071892 | ||
| 003 | CaPaEBR | ||
| 006 | m u | ||
| 007 | cr cn||||||||| | ||
| 008 | 950215s1999 dcu s 000 0 eng d | ||
| 040 |
_aCaPaEBR _cCaPaEBR |
||
| 035 | _a(OCoLC)560534986 | ||
| 050 | 1 | 4 |
_aTL789.8.U5 _bN385 1999eb |
| 110 | 2 |
_aNational Research Council (U.S.). _bSpace Studies Board. |
|
| 245 | 1 | 0 |
_aAnnual report. _p1998 _h[electronic resource] / _cSpace Studies Board, National Research Council. |
| 246 | 1 | 0 | _aSpace Studies Board annual report |
| 246 | 1 | 0 | _aActivities of the Space Studies Board, annual report |
| 260 |
_aWashington, D.C. : _bNational Academy Press, _c1999. |
||
| 300 | _avi, 126 p. | ||
| 490 | 0 |
_aAnnual report: Space Studies Board ; _v1998 |
|
| 533 |
_aElectronic reproduction. _bPalo Alto, Calif. : _cebrary, _d2013. _nAvailable via World Wide Web. _nAccess may be limited to ebrary affiliated libraries. |
||
| 610 | 2 | 0 |
_aNational Research Council (U.S.). _bSpace Studies Board. |
| 650 | 0 |
_aSpace sciences _zUnited States. |
|
| 655 | 7 |
_aElectronic books. _2local |
|
| 710 | 2 | _aNational Academy Press (U.S.) | |
| 710 | 2 | _aebrary, Inc. | |
| 830 | 0 |
_aNASA contractor report ; _vNASA CR. |
|
| 856 | 4 | 0 |
_uhttp://site.ebrary.com/lib/rucke/Doc?id=10071892 _zAn electronic book accessible through the World Wide Web; click to view |
| 999 |
_c33461 _d33461 |
||